Vista normal
Vista MARC
Entrada Personal Name
Número de registros utilizados en: 1
001 - CONTROL NUMBER
- control field: 8761
003 - CONTROL NUMBER IDENTIFIER
- control field: OSt
005 - DATE AND TIME OF LATEST TRANSACTION
- control field: 20200814115955.0
008 - FIXED-LENGTH DATA ELEMENTS
- fixed length control field: 200814|| aca||aabn | a|a d
040 ## - CATALOGING SOURCE
- Original cataloging agency: OSt
- Transcribing agency: OSt
100 ## - HEADING--PERSONAL NAME
- Personal name: Cote Lemus , Eduardo,
- Dates associated with a name: 1928 - 1964
670 ## - SOURCE DATA FOUND
- Source citation: Work cat.: (OSt)3463: Cote Lemus , Eduardo, 1928 - 1964 Autor, Antología /, 2004